[Event "Magistral 50 Blanca 2022"]
[Site "Buenos Aires"]
[Date "2022.03.27"]
[Round "3.2"]
[White "Romero Barreto, Jaime Jose"]
[Black "Flores, Diego"]
[Result "1-0"]
[WhiteElo "2333"]
[BlackElo "2566"]
[Annotator "TA"]
[PlyCount "57"]
[EventDate "2022.03.25"]
[EventType "tourn"]
[EventCountry "ARG"]
[SourceTitle "playchess.com"]
[Source "ChessBase"]
[SourceQuality "1"]

{[%evp 9,57,43,51,39,63,59,47,58,56,56,50,58,65,56,275,269,272,263,290,207,191,0,0,-59,-65,-57,0,0,0,0,102,0,0,0,0,0,0,0,228,218,192,210,560,518,522,522,600,556,29990,29991]} 1. e4 c5 2. Nf3 e6 3. g3 b6 4. Bg2 Bb7 5. d4 Bxe4 6. Nc3 {B40: Sicilian: 2...e6, Unusual lines.} Bb7 7. d5 $1 {[%mdl 1024] White has compensation.} Nf6 {[%cal Rf6d5]} 8. Ne5 {[%cal Oe5f7] Strongly threatening Nxf7! White is slightly better.} Qc8 $1 9. O-O {Threatens to win with Bg5.} Be7 $1 10. Bg5 $1 {[#] Hoping for Bxf6.} O-O $146 {And now ...Nxd5 would win.} ({Predecessor:} 10... Na6 11. Nc4 O-O 12. a3 Rb8 13. Re1 exd5 14. Bxf6 Bxf6 15. Nxd5 Bxd5 16. Bxd5 Nc7 {½-½ (50) Plenca,J (2415)-Fedorchuk,S (2615) Germany 2016}) 11. Nc4 Kh8 $2 (11... Bxd5 $14 12. Bxf6 (12. Nxd5 exd5 13. Nd6 Qc7 $14) 12... Bxf6 13. Bxd5 (13. Nxd5 exd5 14. Qxd5 Nc6 $14) 13... exd5 14. Nxd5 Qd8) 12. Bxf6 $18 (12. d6 Bd8 $15) 12... gxf6 13. Re1 Na6 14. Qh5 Rg8 15. d6 $2 ({Much less strong is} 15. Qxf7 Rg7 16. Qh5 Nb4 $16) (15. Rad1 $18) 15... Bd8 $11 16. Rad1 (16. Bxb7 $11 Qxb7 17. Qxf7) 16... Bxg2 $15 17. Kxg2 Qc6+ (17... Nb4 $15 18. Ne3 f5) 18. f3 b5 19. Ne3 $36 {[%cal Oc3d5][%mdl 2048] White fights for an advantage.} Rg6 {[#]} (19... Ba5 $1 $11 {keeps the balance.}) 20. Ne2 {White is much more active. Black has bad knights.} (20. Ncd5 $1 $16 {[%mdl 512]}) 20... Kg7 21. Nf4 Rg5 22. Qh3 {aiming for Ng4.} f5 {Inhibits Ng4.} 23. c4 Bf6 $2 (23... bxc4 $11 {and Black has nothing to worry.} 24. Nh5+ Kf8) 24. Nh5+ $18 Rxh5 25. Qxh5 Rg8 $2 {[#]} (25... Bd4 26. g4 Qxd6 27. gxf5 (27. cxb5 Nc7 $16) 27... bxc4 28. Nxc4 (28. fxe6 fxe6 29. Nxc4 Qe7 $18) 28... Qe7) 26. Nxf5+ $1 {[%mdl 512]} exf5 27. Qxf5 {Re4 is the strong threat.} bxc4 28. Re4 {Rg4+ would kill now.} h5 {Prevents Rg4+.} 29. Rf4 {Weighted Error Value: White=0.20 (precise) /Black=0.67} 1-0

[Event "Magistral 50 Blanca 2022"]
[Site "Buenos Aires"]
[Date "2022.03.27"]
[Round "3.3"]
[White "Labollita, Martin"]
[Black "Paveto, Kevin"]
[Result "0-1"]
[WhiteElo "2388"]
[BlackElo "2462"]
[Annotator "TA"]
[PlyCount "82"]
[EventDate "2022.03.25"]
[EventType "tourn"]
[EventCountry "ARG"]
[SourceTitle "playchess.com"]
[Source "ChessBase"]
[SourceQuality "1"]

{[%evp 17,81,0,0,-8,0,-9,0,0,0,0,17,6,38,0,-11,-21,0,-16,-16,-13,-16,-45,-39,-71,-66,-74,-72,-133,-106,-116,-104,-206,-195,-179,-191,-196,-172,-188,-183,-243,-239,-235,-235,-398,-391,-346,-292,-622,-615,-595,-561,-29985,-5310,-29984,-29985,-29985,-29986,-29989,-29990,-29990,-29991,-29991,-29992,-29997,-29998,-29999]} 1. d4 Nf6 2. Nf3 g6 3. Bg5 Bg7 4. Nbd2 O-O 5. c3 d6 6. e4 c5 7. dxc5 dxc5 8. Be2 Nc6 9. O-O Qc7 10. Re1 {A48: 1 d4 Nf6 2 Nf3 g6: Torre, London and Colle Systems.} b6 11. Qc2 Bb7 12. h3 {The position is equal.} h6 13. Be3 {[#]} g5 $146 ({Predecessor:} 13... Nh5 14. Bf1 Nf4 15. a4 a6 16. Nc4 e5 17. Qb3 Na5 18. Qxb6 Qxb6 19. Nxb6 Rad8 20. Bxc5 {1-0 (45) Kamsky,G (2674)-Hua,L (2305) Chess.com INT 2020}) 14. Nc4 e6 15. a4 (15. e5 $14 {should be considered.} Nd5 16. Bxg5 $1) 15... Ne7 $11 16. Nfd2 Ng6 17. a5 Bc6 18. axb6 axb6 {[%cal Ba7b6,Bb6b5][%mdl 32]} 19. Rxa8 Rxa8 20. Bf1 b5 21. Na3 {Black converts the advantage convincingly.} c4 22. Qb1 ({White should play} 22. Bd4) 22... Qb7 {[%cal Rf6e4] Black is more active.} 23. Bd4 e5 $36 {[%mdl 2048] Black is in control.} (23... Rd8 {is interesting.} 24. Qc2 e5 25. Bc5 h5 26. Rd1 Nf4) 24. Be3 (24. Bc5 $17) 24... Nxe4 $19 25. Nxe4 Bxe4 26. Qc1 Rd8 27. Nc2 Bf8 28. Nb4 (28. Rd1 {is a better defense.} Rxd1 29. Qxd1) 28... Bxb4 29. cxb4 Bd3 30. g3 $2 (30. Rd1) 30... Bxf1 31. Rxf1 Qf3 {...Rd3 is the strong threat.} 32. Qa1 $2 {[#]} (32. Re1) 32... Nf4 $1 {[%mdl 512]} 33. gxf4 gxf4 {[%cal Bg5f4,Bf4f3][%mdl 32]} ({Not} 33... Qxh3 34. fxe5 Qg4+ 35. Kh2 $11) 34. Bc5 Kh7 (34... Qxh3 $142 35. Qa3 f3 36. Qxf3 Qxf3 37. Re1 Kh7 38. Be3 Qh3 39. f3 Rg8+ 40. Bg5 Qg3+ 41. Kf1 Qxf3+ 42. Kg1 Rxg5+ 43. Kh2 Qh5#) 35. Kh2 Rd3 {Black mates.} 36. Kg1 Qxh3 37. Qa8 f3 {[%csl Gf3][%cal Rh3g2]} 38. Qe4+ Kg8 {[%csl Gf3][%cal Rh3g2]} 39. Qa8+ {[#]} Rd8 $3 {[%mdl 512]} 40. Qxd8+ (40. Qxf3 Qxf3) 40... Kh7 {[%csl Gf3][%cal Rh3g2]} 41. Qf6 Qg2# {Weighted Error Value: White=0.59/Black=0.26 (precise)} 0-1

[Event "Magistral 50 Blanca 2022"]
[Site "Buenos Aires"]
[Date "2022.03.27"]
[Round "3.4"]
[White "Pichot, Alan"]
[Black "Tokman, Ariel"]
[Result "1-0"]
[WhiteElo "2625"]
[BlackElo "2315"]
[Annotator "TA"]
[PlyCount "63"]
[EventDate "2022.03.25"]
[EventType "tourn"]
[EventCountry "ARG"]
[SourceTitle "playchess.com"]
[Source "ChessBase"]
[SourceQuality "1"]

{[%evp 9,63,0,0,19,2,0,22,4,50,17,22,42,135,129,123,132,135,128,149,138,113,116,140,135,138,145,198,197,200,172,203,175,206,212,216,205,212,200,193,200,338,332,343,319,318,318,560,537,1181,1080,1212,810,753,727,694,700]} 1. e4 c6 2. d4 d5 3. e5 c5 4. Nf3 cxd4 5. Qxd4 Nc6 6. Qf4 {B12: Caro-Kann: Advance Variation.} e6 7. Nc3 a6 8. Bd3 {[#] The position is equal.} (8. Ng5 f6 9. Nf3 fxe5 10. Nxe5 Nxe5 11. Qxe5 Nf6) 8... f6 $146 (8... Nge7 $11) ({Predecessor:} 8... Qc7 9. O-O Nge7 10. Re1 Ng6 11. Qg3 Bc5 12. h4 Nd4 13. Nxd4 Bxd4 14. h5 Bxe5 15. Rxe5 Qxe5 16. hxg6 {1-0 (26) Alekseenko,K (2650)-Iljiushenok,I (2520) Konya 2019}) 9. O-O (9. Qh4 {seems wilder.} Bc5 10. O-O Nxe5 11. Nxe5 fxe5 12. Qh5+) 9... fxe5 10. Nxe5 {[%csl Ge5][%cal Rf4f7]} Qf6 {Prevents Qf7+.} (10... Nf6 $14) 11. Nxc6 $16 {[%cal Of4c7] Threatens to win with Qc7! White is much more active.} Qxf4 12. Bxf4 bxc6 13. Na4 Bd7 14. c4 {[%cal Bc2c4,Bc4c5,Bc5b6][%mdl 32]} (14. Nb6 Ra7 $16) 14... Nf6 15. Rac1 Be7 16. Rfe1 Bb4 17. Re2 Ke7 (17... Be7 $16 {was necessary.} 18. cxd5 (18. Nb6 Ra7 $16) 18... Nxd5) 18. c5 $18 Ra7 19. Nb6 Ba5 20. f3 Bxb6 21. cxb6 Rb7 22. Be3 {A strong pair of Bishops.} ({Don't take} 22. Bxa6 $6 Rxb6 23. Bd3 Ra8 $16) 22... Ra8 23. Bd4 a5 24. a4 Rab8 (24... g6 $142 25. g3 Kf7) 25. b4 {[%cal Bb2b4,Bb4a5,Ba5a6][%mdl 32]} Rxb6 26. Bxb6 ({Resist} 26. bxa5 Rb4 27. Bc5+ Kd8 $18) 26... Rxb6 27. bxa5 Rb3 {[#]} (27... Rb8 {was worth a try.} 28. a6 Rc8) 28. a6 $1 {Black must now prevent a7. White is clearly winning.} Ne8 {[#]} (28... Ra3 29. Bc2) 29. Bb5 {[%mdl 512]} Kd6 (29... Nc7 30. a7) 30. Bxc6 Bxc6 {[#]} 31. Rxe6+ $3 {[%mdl 576] Deflection, Decoy, Promotion} Kxe6 32. Rxc6+ {Weighted Error Value: White=0.08 (flawless) /Black=0.35} 1-0

[Event "Magistral 50 Blanca 2022"]
[Site "Buenos Aires"]
[Date "2022.03.27"]
[Round "3.5"]
[White "Roselli Mailhe, Bernardo"]
[Black "Fiorito, Fabian"]
[Result "1/2-1/2"]
[WhiteElo "2426"]
[BlackElo "2357"]
[Annotator "TA"]
[PlyCount "74"]
[EventDate "2022.03.25"]
[EventType "tourn"]
[EventCountry "ARG"]
[SourceTitle "playchess.com"]
[Source "ChessBase"]
[SourceQuality "1"]

{[%evp 22,74,25,20,29,23,17,26,24,10,20,20,22,21,21,24,41,36,43,15,19,10,20,16,49,0,0,0,29,0,0,0,0,0,0,0,7,0,0,0,0,0,16,0,22,23,28,28,28,27,38,0,32,0,68]} 1. d4 Nf6 2. c4 e6 3. Nf3 d5 4. Nc3 c6 5. e3 Nbd7 6. Qc2 Bd6 7. Be2 O-O 8. O-O dxc4 9. Bxc4 b5 10. Be2 Bb7 11. Rd1 {11.e4 might become the main line.} Qc7 12. e4 {[#] Black must now prevent e5.} e5 {D46: Semi-Slav: 5 e3 Nbd7 6 Bd3, Black avoids the Meran.} 13. Bg5 exd4 14. Rxd4 {White wants to play Bxf6.} Ne5 {White has an edge.} 15. Bxf6 gxf6 16. g3 Bc5 {[#] ...Nxf3+ is the strong threat.} 17. Rd2 Qb6 18. Rf1 Bc8 19. Kg2 {Prevents Bh3+.} Be6 20. Nh4 {[#]} Rfd8 $146 ({Predecessor:} 20... Rad8 21. Nf5 Ng6 22. Rfd1 Rxd2 23. Qxd2 Re8 24. Bg4 Ne5 25. Bh3 Bxf5 26. Bxf5 Kg7 {½-½ (37) Szabo,V (2426)-Rivas Maceda,J (2112) LSS email 2015}) 21. Nf5 Bxf5 22. exf5 Kg7 23. Rfd1 (23. Ne4 $14 {might be stronger.} Rxd2 24. Nxd2 (24. Qxd2 Rd8 $14)) 23... Rxd2 $11 24. Qxd2 Bb4 25. f4 Nc4 26. Bxc4 bxc4 27. Qe2 {aiming for Ne4.} Bxc3 28. bxc3 {[%mdl 4096] Endgame KQR-KQR} Qa5 29. Qg4+ Kh8 30. Qh5 {Threatens to win with Rd7.} Kg7 31. Rd7 Rf8 32. Qf3 Qa3 33. Kh3 Qa5 {Prevents Rc7.} 34. Qg4+ Kh8 35. Qh5 Kg7 36. Qg4+ (36. Rd6 $5 {[%cal Rd6f6]} Qxc3 37. Rxc6 $16) 36... Kh8 37. Qh5 Kg7 $1 {Weighted Error Value: White=0.10 (very precise) /Black=0.06 (flawless)} 1/2-1/2

[Event "Magistral 50 Blanca 2022"]
[Site "Buenos Aires"]
[Date "2022.03.28"]
[Round "4.1"]
[White "Diaz Hollemaert, Nahuel"]
[Black "Fiorito, Fabian"]
[Result "1/2-1/2"]
[WhiteElo "2439"]
[BlackElo "2357"]
[Annotator "TA"]
[PlyCount "38"]
[EventDate "2022.03.25"]
[EventType "tourn"]
[EventCountry "ARG"]
[SourceTitle "playchess.com"]
[Source "ChessBase"]
[SourceQuality "1"]

{[%evp 19,20,11,0]} 1. c4 c5 2. Nc3 g6 3. g3 Bg7 4. Bg2 Nc6 5. e3 d6 6. Nge2 e5 7. a3 Nge7 8. Rb1 a5 9. O-O O-O 10. d3 Rb8 {[#]} {Predecessor:} 11. Nd5 $146 {A36: Symmetrical English vs ...g6: 4 Bg2 Bg7.} Nxd5 12. cxd5 Ne7 13. b4 cxb4 14. axb4 b5 15. bxa5 Qxa5 16. Bd2 b4 17. Qb3 Bg4 18. Nc1 Rb6 19. Na2 Be2 {1-0 (57) Nakamura,H (2779)-Dominguez Perez,L (2739) Doha 2016} 1/2-1/2

[Event "Magistral 50 Blanca 2022"]
[Site "Buenos Aires"]
[Date "2022.03.28"]
[Round "4.2"]
[White "Tokman, Ariel"]
[Black "Roselli Mailhe, Bernardo"]
[Result "0-1"]
[WhiteElo "2315"]
[BlackElo "2426"]
[Annotator "TA"]
[PlyCount "130"]
[EventDate "2022.03.25"]
[EventType "tourn"]
[EventCountry "ARG"]
[SourceTitle "playchess.com"]
[Source "ChessBase"]
[SourceQuality "1"]

{[%evp 11,130,27,18,25,35,38,21,24,29,0,0,0,0,0,0,-11,-10,-18,-33,-31,-20,-22,0,-22,-12,-10,-25,-42,-49,-43,-40,-85,-35,-46,-33,-68,-53,-50,-21,-51,-5,-31,0,-57,-56,-81,-55,-120,-8,-35,-23,-21,-29,-75,-69,-77,-63,-68,-70,-86,-75,-101,-66,-108,-108,-108,-109,-122,-131,-139,-141,-145,-128,-266,-254,-293,-220,-302,-281,-279,-283,-290,-274,-284,-283,-289,-289,-289,-287,-296,-296,-296,-294,-297,-297,-474,-475,-485,-485,-492,-498,-500,-487,-700,-646,-654,-413,-497,-403,-390,-383,-714,-788,-666,-619,-589,-580,-1237,-1044,-5147,-5147]} 1. Nf3 Nf6 2. g3 g6 3. Bg2 Bg7 4. O-O O-O 5. d4 {[%cal Bd2d4,Bd4d5][%mdl 32]} d6 6. Nc3 Nc6 7. d5 {The main line 7.d5 scores better than 7.e4. A49: 1 d4 Nf6 2 Nf3 g6 3 g3: Anti-King's Indian systems.} Nb4 8. a3 Na6 9. Nd4 {The position is equal.} e5 10. dxe6 fxe6 11. Nb3 {[#]} c6 $146 ({Predecessor:} 11... e5 12. Qd3 Kh8 13. Bg5 Bf5 14. e4 Be6 15. f4 h6 16. Bh4 c6 17. Kh1 Qb6 18. Qxd6 Bc4 19. Na4 Qb5 20. Nc3 Qb6 {½-½ (20) Martinez Duany,L (2517)-Espinosa Veloz,E (2520) Villa Clara 2017}) 12. e4 {[%cal Oe4e5]} e5 13. h3 Be6 14. Bg5 Qd7 15. Kh2 Bc4 16. Re1 h6 17. Be3 (17. Na5 $5 {[%cal Rg5f6]} Be6 18. Be3 $11) 17... b6 {[%cal Bb7b6,Bb6b5,Bb5b4][%mdl 32]} 18. a4 Rad8 19. a5 b5 20. Qd2 Kh7 21. Rad1 (21. Nc1 $15) 21... Qe7 (21... b4 $17 22. Ne2 c5) 22. Qc1 b4 23. Nb1 c5 24. N3d2 Bb5 25. c3 Bd3 (25... Qc7 $15) 26. f3 Qb7 27. c4 (27. Bf1 $11 Bxf1 28. Rxf1) 27... Qf7 $15 28. Bf2 h5 29. h4 (29. Be3 $15) 29... Ng4+ 30. fxg4 $11 {And now Nf3 would win.} Qxf2 31. Nf1 $1 Bxb1 {Dancing on a razor blade.} 32. Qxb1 (32. gxh5 $1 $11 Ba2 33. hxg6+ Kxg6 34. Rd2) 32... hxg4 $17 33. Rd2 Qf7 34. Qd1 {[%csl LRd6,LRg4]} Qe6 ({Of course not} 34... Qxc4 35. Rxd6 Rxd6 36. Qxd6 $11) 35. b3 Nb8 36. Rd3 (36. Ne3 $2 Bh6 37. Bf1 Nc6 $17) 36... Bh6 37. Kg1 (37. Re2 $1 $15) 37... Nc6 38. Nh2 Nxa5 39. Nxg4 {[#]} Nc6 $1 40. Bh3 Nd4 41. Kg2 Qf7 {Black is much more active.} 42. Kh1 {This move loses the game for White.} (42. Nh2 $17 {was called for.}) 42... a5 $19 {[%cal Oa5a4]} 43. Rf1 ({But not} 43. Nxh6 Kxh6 44. Rf1 Qe7 45. Qd2+ Kg7 $19) 43... Qg7 {[%cal Oa5a4]} 44. Rxf8 Rxf8 45. Qa1 a4 46. Qxa4 {[#]} Qb7 $1 47. Bg2 Ra8 {[%cal Bf8a8,Ba8a1,Ba1b1,Bb1b3,Bb3a3,Ba3a2,Ba2c2][%mdl 32]} 48. Nf6+ Kh8 49. Qd7 Qxd7 50. Nxd7 Ra1+ 51. Kh2 Rb1 52. Nb6 Rxb3 53. Rd1 (53. Rxb3 $142 Nxb3 54. Bf1) 53... Ra3 54. Nc8 Bf8 55. Nb6 b3 56. Rb1 Ra2 {aiming for ...Nf3+.} 57. g4 (57. Kh3 $142) 57... Be7 58. g5 Rc2 59. Nd5 Bd8 {White must now prevent ...Nf3+.} 60. Kg3 {Inhibits Nf3.} Ba5 {[%cal Oc2c1] Hoping for ...Rc1!} 61. Rf1 {Prevents Rc1.} (61. Bf1) 61... Ne2+ {Black is clearly winning.} 62. Kg4 Nf4 63. Nxf4 exf4 64. Kh3 b2 {( -> ...Rc1)} 65. e5 Rc1 {Weighted Error Value: White=0.43/Black=0.17 (very precise)} 0-1

[Event "Magistral 50 Blanca 2022"]
[Site "Buenos Aires"]
[Date "2022.03.28"]
[Round "4.3"]
[White "Paveto, Kevin"]
[Black "Pichot, Alan"]
[Result "0-1"]
[WhiteElo "2462"]
[BlackElo "2625"]
[Annotator "TA"]
[PlyCount "100"]
[EventDate "2022.03.25"]
[EventType "tourn"]
[EventCountry "ARG"]
[SourceTitle "playchess.com"]
[Source "ChessBase"]
[SourceQuality "1"]

{[%evp 19,100,11,6,6,9,12,12,0,0,0,0,0,0,0,0,0,15,0,0,0,0,0,0,0,0,0,0,-3,0,-8,-8,-12,-8,-8,0,0,0,-20,0,-16,-16,-17,-17,-16,-17,-15,-16,-30,0,-90,-85,-69,-9,-56,-47,-85,-67,-46,-46,-46,-24,-26,8,11,9,-17,-8,-8,0,-386,-382,-530,-523,-492,-485,-29986,-29987,-29988,-29989,-29989,-29990,-29993,-29978]} 1. e4 c5 2. Nf3 d6 3. d4 cxd4 4. Nxd4 Nf6 5. Nc3 a6 6. Be3 e5 7. Nb3 Be6 8. f4 exf4 9. Bxf4 Nc6 10. Qd2 d5 11. exd5 {B90: Sicilian Najdorf: Unusual White 6th moves, 6 Be3 Ng4 and 6 Be3 e5.} Nxd5 12. Nxd5 Qxd5 13. Qxd5 {The position is equal. is the legacy move (13.0-0-0).} Bxd5 14. O-O-O O-O-O 15. g3 Bd6 {[#] Hoping for ...Bxf4+.} 16. Bh3+ Kc7 17. Rhf1 {[#]} h6 $146 ({Predecessor:} 17... Bxf4+ 18. Rxf4 {½-½ (18) Shirov,A (2709)-Ponomariov,R (2723) Poikovsky 2006}) 18. Be3 Bc4 19. Rfe1 Rhe8 20. Bg2 f5 {[%cal Bf7f5,Bf5f4][%mdl 32]} 21. Bxc6 bxc6 22. Bd2 {Black must now prevent Ba5+.} Rxe1 23. Bxe1 Rd7 24. Ba5+ Kc8 25. Nd4 f4 ({Resist} 25... Bxa2 26. Nxf5 Be5 27. b3 $16) 26. Nf5 Be5 27. Re1 $1 Bb8 {And now ...Rf7 would win.} 28. b3 Bf7 29. gxf4 Bxf4+ 30. Kb2 g6 31. Re4 Bg5 {This bishop pair is nice.} 32. Ng3 h5 {[%cal Bh6h5,Bh5h4][%mdl 32]} 33. Re2 Bd5 34. Rf2 (34. c4 $11 Bf3 35. Re6) 34... h4 $17 35. Ne2 Be4 (35... Rf7 $15 36. Rxf7 Bxf7) 36. Bc3 (36. Nc3 $1 $11 Bf5 37. Na4 Bf6+ 38. Bc3) 36... Rd1 $15 37. a4 Rh1 {...Be3 is the strong threat. Black is more active.} 38. Be5 c5 39. Nf4 Bf5 40. Rg2 Bh6 41. Nxg6 {Strongly threatening Ne7+.} h3 42. Rg3 {aiming for Ne7+.} Kd7 {To avoid Ne7} 43. Nh4 Ke6 44. Nf3 {[%mdl 8192]} ({Much weaker is} 44. Nxf5 Bc1+ 45. Kc3 Kxe5 46. Rxh3 Kxf5 $17) (44. Bb8 $11 Bc1+ 45. Kc3 Rxh2 46. Nxf5 Kxf5 47. Rd3 (47. Rf3+ Ke4 $11)) 44... Rc1 $19 45. Bb8 Rxc2+ 46. Ka1 Bc1 47. Ng5+ {[#]} (47. Be5 $19) 47... Kd5 {Black mates.} 48. Rf3 Bb2+ 49. Kb1 Bg6 50. b4 Rxh2+ {Weighted Error Value: White=0.44/Black=0.07 (flawless)} 0-1

[Event "Magistral 50 Blanca 2022"]
[Site "Buenos Aires"]
[Date "2022.03.28"]
[Round "4.4"]
[White "Flores, Diego"]
[Black "Labollita, Martin"]
[Result "1/2-1/2"]
[WhiteElo "2566"]
[BlackElo "2388"]
[Annotator "TA"]
[PlyCount "50"]
[EventDate "2022.03.25"]
[EventType "tourn"]
[EventCountry "ARG"]
[SourceTitle "playchess.com"]
[Source "ChessBase"]
[SourceQuality "1"]

{[%evp 18,50,59,29,34,41,22,14,16,10,14,-33,0,0,0,-16,-16,0,26,26,35,30,26,23,27,9,14,-18,-9,-14,-11,-12,-9,-13,0]} 1. Nf3 c5 2. c4 Nf6 3. Nc3 e6 4. g3 b6 5. Bg2 Bb7 6. O-O Be7 7. d4 cxd4 8. Qxd4 O-O 9. Rd1 d6 $1 {9...d6 scores better than 9...Nc6.} 10. b3 Na6 {A30: Symmetrical English: Double Fianchetto and Hedgehog.} 11. Bb2 Nc5 12. h3 a6 {[#]} 13. Qe3 $146 ({Predecessor:} 13. Rac1 Qc7 14. Rc2 h6 15. Rcd2 e5 16. Qe3 Nce4 17. Rc2 Nxc3 18. Bxc3 Ne4 19. Bb4 a5 20. Ba3 {1-0 (83) Kolus,W-Buczinski,H LSS email 2007}) 13... Rc8 14. Rd2 (14. Nd2 $11 {should be considered.}) 14... Qc7 (14... b5 $5) 15. Rad1 Rfe8 16. Nd4 Bxg2 17. Kxg2 h6 18. Qf3 Nfd7 {[%cal Bf6d7,Bd7e5,Be5c6][%mdl 32]} 19. Kh2 Ne5 20. Qg2 Nc6 21. Nc2 Qb8 {The position is equal.} 22. Ne4 Nxe4 23. Qxe4 b5 24. Ne3 bxc4 25. bxc4 Bf8 {Weighted Error Value: White=0.11 (very precise) /Black=0.05 (flawless)} 1/2-1/2

[Event "Magistral 50 Blanca 2022"]
[Site "Buenos Aires"]
[Date "2022.03.28"]
[Round "4.5"]
[White "Santiago, Yago De Moura"]
[Black "Romero Barreto, Jaime Jose"]
[Result "1-0"]
[WhiteElo "2494"]
[BlackElo "2333"]
[Annotator "TA"]
[PlyCount "55"]
[EventDate "2022.03.25"]
[EventType "tourn"]
[EventCountry "ARG"]
[SourceTitle "playchess.com"]
[Source "ChessBase"]
[SourceQuality "1"]

{[%evp 9,55,-8,-8,-19,0,0,0,-6,0,0,0,-2,0,0,0,0,8,-12,0,0,0,-36,-41,-49,115,113,218,212,203,195,272,276,276,276,276,227,264,241,225,0,29981,29982,29982,29983,29989,29984,29996,29997]} 1. d4 Nf6 2. c4 g6 3. Nc3 d5 4. Nf3 Bg7 5. h4 dxc4 {[%cal Oc7c5]} 6. e4 {D90: Grünfeld: 4 Nf3 Bg7 sidelines.} c5 7. d5 b5 {Prevents Qa4.} 8. h5 $1 {The position is equal.} O-O (8... gxh5 9. e5 Ng4 10. Rxh5 $16) 9. hxg6 $1 fxg6 10. Rh4 Ng4 {Hoping for ...Bf6.} 11. Nxb5 Qa5+ 12. Nc3 $1 {Strongly threatening d6.} h5 $1 $132 {[%mdl 2048] [#] Black is not keeping still} (12... Bxc3+ 13. bxc3 h5 14. Qd2 $16) 13. e5 $146 {d6 is the strong threat.} ({Predecessor:} 13. d6 e6 14. Bd2 Qb6 15. e5 Nc6 16. Na4 Qd8 17. Bg5 Qa5+ 18. Bd2 Qd8 19. Bg5 {0-1 (64) Sargissian,G (2689)-Antipov,M (2549) Moscow 2019}) 13... Nd7 14. d6 e6 {Prevents Qd5.} 15. Bxc4 Ndxe5 16. Rxg4 Rxf3 {[#]} 17. Rxg6 $1 $16 (17. gxf3 hxg4 18. Be2 gxf3 19. Bxf3 Rb8 $17) 17... Rf7 {[#]} (17... Qb4 $16 18. Be2 (18. gxf3 Qxc4 19. Rxg7+ Kxg7 $11) (18. Bxe6+ Bxe6 19. Rxe6 Rxc3 $11) 18... Nxg6 19. Bxf3 Rb8) 18. Rxg7+ $1 {[%mdl 512]} Rxg7 19. Qxh5 ({Inferior is} 19. Bd5 Rb8 20. Qxh5 Nd3+ 21. Kf1 exd5 22. Qe8+ (22. Qxd5+ Rf7 $11) 22... Kh7 23. Qh5+ Kg8 24. Qxd5+ Rf7 25. Qg5+ (25. Qxd3 $2 Ba6 $19) 25... Rg7 26. Qd5+ Rf7 27. Qg5+ (27. Qxd3 $2 Ba6 $19) 27... Rg7 28. Qd5+ $11) 19... Nxc4 {[#]} (19... Qb4 {might work better.}) 20. Bh6 $1 $18 {Dancing on a razor blade.} ({Not} 20. Qe8+ Kh7 $16) 20... Nxb2 (20... Rxg2 $2 21. Qe8+ Kh7 22. O-O-O $18) 21. Bxg7 Kxg7 22. Qg4+ ({Less strong is} 22. Qg5+ Kf8 23. Qf6+ Kg8 $14) 22... Kf6 23. Qf4+ Kg7 {aiming for ...Nd3+.} 24. Kd2 {Prevents Nd3.} ({Better is} 24. Qg3+ $18 Kf7 25. Qf3+ Kg6 26. Kf1) 24... Ba6 $2 {[%mdl 8192]} (24... Qb4 $11 25. Qg3+ Kf8 26. Qf3+ Kg7 27. Qg3+ Kf8 28. Qf3+ Kg7 29. Qg3+) 25. Qg3+ {White mates.} Kf7 26. Rh1 Nc4+ 27. Kc2 Nxd6 28. Rh7+ {Weighted Error Value: White=0.09 (flawless) /Black=0.49} 1-0